Normal view
MARC view
- COMPOSITE MATERIALS SMART STRUCTURES FIBER OPTICS DETECTORS
Entry Topical Term
001 - CONTROL NUMBER
- control field: 67563
003 - CONTROL NUMBER IDENTIFIER
- control field: NUST
005 - DATE AND TIME OF LATEST TRANSACTION
- control field: 20210628203841.0
008 - FIXED-LENGTH DATA ELEMENTS
- fixed length control field: 210628|| aca||aabn | a|a d
040 ## - CATALOGING SOURCE
- Original cataloging agency: NUST
- Transcribing agency: NUST
150 ## - HEADING--TOPICAL TERM
- Topical term or geographic name entry element: COMPOSITE MATERIALS SMART STRUCTURES FIBER OPTICS DETECTORS
670 ## - SOURCE DATA FOUND
- Source citation: Work cat.: (NUST): Udd, Erie 67562, Fiber optic smart structures, 1995
